000 00492nam a2200193Ia 4500
008 170918s9999 xx 000 0 und d
020 _a439491452
050 _bP413 1995
100 _aPenner, Lucille Recht
245 4 _aThe statue of liberty /
245 _cLucille Recht Penner ; illustrated by Jada Rowland.
260 _aNew York :
260 _bScholastic,
260 _c1995
300 _a32 pages :
300 _bcolored illustration ;
300 _c23cm.
500 _a250
999 _c342529
_d342529